[Event "ITA-chT (Women)"]
[Site "Bacoli"]
[Date "2023.04.29"]
[Round "4.2"]
[White "Cammalleri, Elena"]
[Black "Sirletti, Sonia"]
[Result "0-1"]
[WhiteElo "1684"]
[BlackElo "1850"]
[PlyCount "70"]
[EventDate "2023.04.25"]
[EventType "team-tourn"]
[EventRounds "7"]
[EventCountry "ITA"]
[SourceTitle "CBM 214 Extra"]
[Source "ChessBase"]
[SourceDate "2023.07.31"]
[SourceVersion "1"]
[SourceVersionDate "2023.07.31"]
[SourceQuality "1"]

1. e4 c6 2. d4 d5 3. exd5 cxd5 4. Nf3 Nf6 5. c3 Bg4 6. Bd3 Nc6 7. Bf4 e6 8. Nbd2 Bd6 9. Bxd6 Qxd6 10. Qc2 Rc8 11. a3 Bh5 12. h3 0-0 13. 0-0-0 Bg6 14. Bxg6 hxg6 15. g4 b5 16. Rdg1 b4 17. axb4 Nxb4 18. Qb1 Qa6 19. Kd1 Nd3 20. Rh2 Rb8 21. b3 Rfc8 22. Qc2 Ne4 23. Nxe4 dxe4 24. Nd2 Qa1+ 25. Qb1 Qxb1+ 26. Nxb1 Rxb3 27. Ke2 Rcb8 28. Nd2 Rxc3 29. Nxe4 Nf4+ 30. Kd2 Rd3+ 31. Kc2 Rc8+ 32. Kb2 Rxd4 33. Ng3 Nd3+ 34. Kb3 Rb4+ 35. Ka2 Rc6 0-1

[Event "ITA-chT (Women)"]
[Site "Bacoli"]
[Date "2023.04.27"]
[Round "1.4"]
[White "Sirletti, Sonia"]
[Black "Costantino, Gaia"]
[Result "1-0"]
[WhiteElo "1850"]
[BlackElo "1515"]
[PlyCount "59"]
[EventDate "2023.04.25"]
[EventType "team-tourn"]
[EventRounds "7"]
[EventCountry "ITA"]
[SourceTitle "CBM 214 Extra"]
[Source "ChessBase"]
[SourceDate "2023.07.31"]
[SourceVersion "1"]
[SourceVersionDate "2023.07.31"]
[SourceQuality "1"]

1. d4 d5 2. Nf3 e6 3. e3 Nf6 4. Bd3 Be7 5. 0-0 0-0 6. b3 Nbd7 7. Bb2 c5 8. Nbd2 b6 9. Ne5 Bb7 10. Qe2 Rc8 11. f4 cxd4 12. exd4 Re8 13. Rf3 Bf8 14. Rh3 h6 15. g4 Nxe5 16. fxe5 Nh7 17. Rf1 Ng5 18. Rg3 Be7 19. h4 Ne4 20. Rgf3 Nxd2 21. Qxd2 Bxh4 22. Rxf7 Be7 23. Qh2 Rf8 24. Qh5 Rxf7 25. Qxf7+ Kh8 26. Qg6 Qg8 27. Rf7 Re8 28. Bc1 Bg5 29. Bxg5 hxg5 30. Qh5+ 1-0

[Event "Oslo op-B"]
[Site "Oslo"]
[Date "2014.09.28"]
[Round "4"]
[White "Ondo, Shaun"]
[Black "Sirletti, Sonia"]
[Result "0-1"]
[WhiteElo "1730"]
[BlackElo "1843"]
[PlyCount "122"]
[EventDate "2014.09.28"]
[EventType "swiss"]
[EventRounds "9"]
[EventCountry "NOR"]
[SourceTitle "EXT 2017"]
[Source "ChessBase"]
[SourceDate "2016.10.25"]
[SourceVersion "1"]
[SourceVersionDate "2016.10.25"]
[SourceQuality "1"]

1. Nf3 d5 2. c4 e6 3. cxd5 exd5 4. Nc3 Nf6 5. g3 Be7 6. Bg2 0-0 7. d4 b6 8. 0-0 Bb7 9. Bf4 Nh5 10. Bd2 Na6 11. e3 Nf6 12. Rc1 c5 13. dxc5 Nxc5 14. Qc2 Rc8 15. b4 Nce4 16. Qb2 Nd7 17. Ne2 Bf6 18. Ned4 b5 19. Rxc8 Bxc8 20. Qb3 Ne5 21. Rd1 Bg4 22. Be1 Ng5 23. e4 dxe4 24. Nxg5 Bxd1 25. Qxd1 Bxg5 26. Qa1 Bf6 27. Bc3 Nf3+ 28. Nxf3 Bxc3 29. Qxc3 exf3 30. Bxf3 Qc8 31. Qe3 a6 32. Be4 g6 33. Qf3 Qc4 34. a3 Qc1+ 35. Kg2 Qb2 36. Bb7 Kg7 37. Bxa6 Rb8 38. Qd3 Qe5 39. Qf3 Rb6 40. Bb7 Rf6 41. Qb3 Qc7 42. Bf3 Qe5 43. a4 bxa4 44. Qxa4 Rb6 45. Bc6 Qd4 46. Qa7 Rxb4 47. Qxd4+ Rxd4 48. h3 g5 49. Bf3 Kf6 50. Bh5 Ke6 51. Bf3 Ke5 52. Bc6 h6 53. Be8 f5 54. Bc6 h5 55. Bf3 h4 56. g4 fxg4 57. hxg4 Kf4 58. Be2 Rd2 59. Bc4 Kxg4 60. Be6+ Kf4 61. Bc4 g4 0-1

[Event "Barcelona Sant Marti op-B 15th"]
[Site "Barcelona"]
[Date "2013.07.17"]
[Round "5"]
[White "Rodriguez Batuecas, Jordi"]
[Black "Sirletti, Sonia"]
[Result "0-1"]
[WhiteElo "1630"]
[BlackElo "1888"]
[PlyCount "52"]
[EventDate "2013.07.13"]
[EventType "swiss"]
[EventRounds "9"]
[EventCountry "ESP"]
[SourceTitle "CBM 155 Extra"]
[Source "ChessBase"]
[SourceDate "2013.08.26"]
[SourceVersion "1"]
[SourceVersionDate "2013.08.26"]
[SourceQuality "1"]

1. e4 d6 2. d4 Nf6 3. Nc3 Nbd7 4. Be2 e5 5. dxe5 dxe5 6. Bg5 Be7 7. Bxf6 Bxf6 8. Nf3 c6 9. 0-0 0-0 10. Bc4 b5 11. Bb3 Qc7 12. a4 b4 13. Ne2 Nc5 14. Ng3 Rd8 15. Qe1 Ba6 16. Ne2 Nxe4 17. Qxb4 Bxe2 18. Rae1 Bxf3 19. gxf3 Nd2 20. Qg4 Nxb3 21. cxb3 Rd4 22. Qg2 g6 23. Rc1 Rad8 24. f4 Rxf4 25. Rxc6 Qd7 26. f3 Qd2 0-1

[Event "Barcelona Sant Marti op-B 15th"]
[Site "Barcelona"]
[Date "2013.07.13"]
[Round "1"]
[White "Sanchez Viana, Jordi"]
[Black "Sirletti, Sonia"]
[Result "0-1"]
[WhiteElo "1626"]
[BlackElo "1888"]
[PlyCount "72"]
[EventDate "2013.07.13"]
[EventType "swiss"]
[EventRounds "9"]
[EventCountry "ESP"]
[SourceTitle "CBM 155 Extra"]
[Source "ChessBase"]
[SourceDate "2013.08.26"]
[SourceVersion "1"]
[SourceVersionDate "2013.08.26"]
[SourceQuality "1"]

1. e4 d6 2. d4 Nf6 3. Nc3 Nbd7 4. Nf3 e5 5. dxe5 dxe5 6. Bc4 Bb4 7. Bd2 0-0 8. 0-0 c6 9. a3 Ba5 10. b4 Bc7 11. Bg5 b5 12. Bd3 h6 13. Be3 a5 14. Ne2 Qe7 15. Ng3 Ng4 16. Bd2 Nb6 17. bxa5 Nc4 18. Bxc4 bxc4 19. h3 Nf6 20. Bb4 c5 21. Bc3 Bb7 22. Qe2 Rfd8 23. Rfb1 Ba6 24. Nf5 Qe6 25. Qe3 Rd7 26. g4 Bc8 27. Rb5 Bd6 28. Rb6 Ra6 29. Rab1 g6 30. Nxh6+ Kg7 31. Nxe5 Rb7 32. Rxb7 Bxb7 33. Rxb7 Bxe5 34. Bxe5 Qxe5 35. Rxf7+ Kh8 36. Qxc5 Qxc5 0-1

[Event "Chigorin Memorial 19th"]
[Site "St Petersburg"]
[Date "2011.10.19"]
[Round "6"]
[White "Sirletti, Sonia"]
[Black "Pasiev, Rakhim"]
[Result "1-0"]
[WhiteElo "1940"]
[BlackElo "2306"]
[PlyCount "111"]
[EventDate "2011.10.14"]
[EventType "swiss"]
[EventRounds "9"]
[EventCountry "RUS"]
[SourceTitle "CBM 144 Extra"]
[Source "ChessBase"]
[SourceDate "2011.10.28"]
[SourceVersion "1"]
[SourceVersionDate "2011.10.28"]
[SourceQuality "1"]

1. d4 d5 2. c4 Nc6 3. e3 e5 4. dxe5 d4 5. a3 Nge7 6. Nf3 Bg4 7. Be2 dxe3 8. Qxd8+ Rxd8 9. Bxe3 Bxf3 10. Bxf3 Nxe5 11. Be2 Nf5 12. Nc3 Nxe3 13. fxe3 Bc5 14. Kf2 a5 15. Rad1 0-0 16. Rxd8 Rxd8 17. Rd1 Rxd1 18. Nxd1 f5 19. Ke1 Kf7 20. Kd2 Kf6 21. Nc3 c6 22. Na4 Bd6 23. c5 Bc7 24. b4 Kg5 25. Nb2 axb4 26. axb4 Kh4 27. Nc4 Nf7 28. h3 Kg3 29. Bf3 Kf2 30. e4 fxe4 31. Bxe4 Ng5 32. Bf5 Kxg2 33. Bc8 Ne4+ 34. Kc2 g5 35. Bxb7 Kxh3 36. Bxc6 Nf6 37. b5 g4 38. b6 Bb8 39. Ne3 g3 40. Bg2+ Kh2 41. c6 Ne8 42. Kd3 h5 43. Ke2 Kg1 44. Kf3 Be5 45. Bh3 h4 46. Ng4 Bd6 47. Ne3 Kh2 48. Kg4 Nf6+ 49. Kxh4 Be7 50. Nf5 Bc5 51. c7 Bf2 52. Nxg3 Bxg3+ 53. Kg5 Ne4+ 54. Kg6 Bxc7 55. bxc7 Nd6 56. Bd7 1-0

[Event "Tivat Vukmanovic Memorial op"]
[Site "Tivat"]
[Date "2011.04.24"]
[Round "9"]
[White "Shabanaj, Eglantina"]
[Black "Sirletti, Sonia"]
[Result "1/2-1/2"]
[WhiteElo "2085"]
[BlackElo "1907"]
[PlyCount "134"]
[EventDate "2011.04.16"]
[EventType "swiss"]
[EventRounds "9"]
[EventCountry "MNE"]
[SourceTitle "CBM 141 Extra"]
[Source "ChessBase"]
[SourceDate "2011.05.03"]
[SourceVersion "1"]
[SourceVersionDate "2011.05.03"]
[SourceQuality "1"]

1. d4 d5 2. Nf3 e6 3. c4 Nf6 4. g3 Be7 5. Bg2 0-0 6. 0-0 b6 7. Nc3 Bb7 8. Ne5 Nbd7 9. f4 c5 10. e3 Qc8 11. cxd5 Nxd5 12. Nxd5 Bxd5 13. e4 Bb7 14. d5 Bf6 15. dxe6 Nxe5 16. fxe5 Bxe5 17. exf7+ Rxf7 18. Rxf7 Bd4+ 19. Kh1 Kxf7 20. Qh5+ Kg8 21. Qe2 Qe6 22. Be3 Bxe3 23. Qxe3 Rd8 24. b3 Qe5 25. Rf1 Ba6 26. Re1 h6 27. Qf4 Qc3 28. Rc1 Qd2 29. Qxd2 Rxd2 30. e5 Kf8 31. h4 Rxa2 32. Rd1 Ke7 33. Rd6 Bb5 34. Rg6 Kf7 35. h5 Re2 36. e6+ Kf8 37. Bf3 Re3 38. Kg2 Be8 39. Rg4 Rxe6 40. Rf4+ Ke7 41. Kf2 Re5 42. g4 Bf7 43. Bd1 b5 44. Bc2 Bd5 45. Bd3 a6 46. Bc2 Be6 47. Bd1 Rd5 48. Ke2 Kd6 49. Bc2 Rd4 50. Rf8 Bxg4+ 51. Ke3 Bxh5 52. Ra8 Ke5 53. Rxa6 Rd6 54. Ra7 g5 55. Rb7 Be8 56. Bd3 b4 57. Bc4 Bc6 58. Re7+ Kf5 59. Bd3+ Kg4 60. Re5 Bd5 61. Bf5+ Kg3 62. Bc8 Bxb3 63. Rxc5 Rb6 64. Rc1 Ba2 65. Bf5 b3 66. Rg1+ Kh2 67. Kf2 Rf6 1/2-1/2

[Event "Tivat Vukmanovic Memorial op"]
[Site "Tivat"]
[Date "2011.04.23"]
[Round "8"]
[White "Sirletti, Sonia"]
[Black "Djukic, Nikola"]
[Result "0-1"]
[WhiteElo "1907"]
[BlackElo "2494"]
[PlyCount "78"]
[EventDate "2011.04.16"]
[EventType "swiss"]
[EventRounds "9"]
[EventCountry "MNE"]
[SourceTitle "CBM 141 Extra"]
[Source "ChessBase"]
[SourceDate "2011.05.03"]
[SourceVersion "1"]
[SourceVersionDate "2011.05.03"]
[SourceQuality "1"]

1. d4 Nf6 2. c4 g6 3. Nc3 Bg7 4. e4 d6 5. Nf3 0-0 6. Be2 e5 7. d5 a5 8. Bg5 h6 9. Bh4 Na6 10. Nd2 Qe8 11. Rb1 Nh7 12. f3 f5 13. a3 h5 14. b4 axb4 15. axb4 Bh6 16. Bf2 Qe7 17. h4 Nf6 18. Bd3 Ne8 19. Rb2 Ng7 20. Qb1 Nb8 21. c5 Nd7 22. cxd6 cxd6 23. Nc4 Nf6 24. Nb6 Rb8 25. Nxc8 Rbxc8 26. Rc2 fxe4 27. Bxe4 Nf5 28. Bxf5 gxf5 29. 0-0 Kh8 30. Rd1 Rg8 31. Ne2 Qg7 32. g3 Ra8 33. Ra2 f4 34. Rxa8 Rxa8 35. Kh1 Ra3 36. Qc1 Rxf3 37. Qc8+ Ng8 38. Kg2 Rb3 39. Kh2 Rb2 0-1

[Event "Tivat Vukmanovic Memorial op"]
[Site "Tivat"]
[Date "2011.04.18"]
[Round "3"]
[White "Draskovic, Luka"]
[Black "Sirletti, Sonia"]
[Result "0-1"]
[WhiteElo "2129"]
[BlackElo "1907"]
[PlyCount "68"]
[EventDate "2011.04.16"]
[EventType "swiss"]
[EventRounds "9"]
[EventCountry "MNE"]
[SourceTitle "CBM 141 Extra"]
[Source "ChessBase"]
[SourceDate "2011.05.03"]
[SourceVersion "1"]
[SourceVersionDate "2011.05.03"]
[SourceQuality "1"]

1. e4 d6 2. d4 Nf6 3. Nc3 Nbd7 4. Nf3 e5 5. Bc4 Be7 6. 0-0 0-0 7. h3 a6 8. a4 b6 9. Re1 Bb7 10. b3 c6 11. dxe5 dxe5 12. Bb2 Qc7 13. Qd2 Bb4 14. Qg5 b5 15. Bf1 Rfe8 16. Qe3 Nc5 17. Nd2 Ne6 18. Bd3 Bc5 19. Qg3 Nf4 20. Ne2 N6h5 21. Qf3 Re6 22. Nxf4 Nxf4 23. Bf1 Rf6 24. Re3 Nd5 25. Qe2 Rxf2 26. Kxf2 Nxe3 27. Kg3 Nxc2 28. Rc1 Nd4 29. Qd1 Qe7 30. Kh2 Rd8 31. Nf3 Nxf3+ 32. Qxf3 Bd4 33. Qe2 h6 34. Rc2 Qb4 0-1

[Event "Lugano op 4th"]
[Site "Lugano"]
[Date "2010.04.02"]
[Round "1"]
[White "Misiano, Franco"]
[Black "Sirletti, Sonia"]
[Result "1-0"]
[WhiteElo "2302"]
[BlackElo "1894"]
[PlyCount "85"]
[EventDate "2010.04.02"]
[EventType "swiss"]
[EventRounds "6"]
[EventCountry "SUI"]
[SourceTitle "EXT 2024"]
[Source "ChessBase"]
[SourceDate "2023.10.10"]
[SourceVersion "1"]
[SourceVersionDate "2023.10.10"]
[SourceQuality "1"]

1. e4 d6 2. d4 Nf6 3. Nc3 e5 4. Nf3 Nbd7 5. Bc4 Be7 6. 0-0 0-0 7. h3 a6 8. a4 b6 9. Re1 Bb7 10. Ba2 c6 11. Bg5 h6 12. Bh4 Qc7 13. Bg3 b5 14. Nh4 b4 15. Nb1 exd4 16. Nf5 Ne5 17. f4 Ng6 18. e5 Nd5 19. Qxd4 c5 20. Qd3 Qc6 21. Bxd5 Qxd5 22. Qxd5 Bxd5 23. Nxd6 Nh4 24. Rd1 Bc6 25. Bxh4 Bxh4 26. Nf5 Bd8 27. Nd2 f6 28. e6 Re8 29. Re1 Bc7 30. Nc4 Bd5 31. Ncd6 Bxd6 32. Nxd6 Rxe6 33. Rxe6 Bxe6 34. Re1 Bd5 35. Nf5 Kf8 36. Kf2 Bc6 37. b3 Re8 38. Rd1 Re6 39. Rd8+ Kf7 40. Rc8 Kg6 41. Rxc6 Re4 42. g4 Rxf4+ 43. Kg3 1-0

[Event "Corsico op"]
[Site "Corsico"]
[Date "2010.03.14"]
[Round "4"]
[White "Sirletti, Sonia"]
[Black "Brioschi, Camillo"]
[Result "1/2-1/2"]
[WhiteElo "1894"]
[BlackElo "1857"]
[PlyCount "103"]
[EventDate "2010.03.12"]
[EventType "swiss"]
[EventRounds "5"]
[EventCountry "ITA"]
[SourceTitle "EXT 2011"]
[Source "ChessBase"]
[SourceDate "2010.11.26"]
[SourceVersion "1"]
[SourceVersionDate "2010.11.26"]
[SourceQuality "1"]

1. d4 Nf6 2. c4 g6 3. Nc3 d5 4. e3 Bg7 5. Nf3 0-0 6. cxd5 Nxd5 7. Be2 Nxc3 8. bxc3 c5 9. 0-0 Nc6 10. Qb3 cxd4 11. cxd4 Na5 12. Qc3 Be6 13. Bd2 Nc4 14. Qb4 Nxd2 15. Nxd2 Bd5 16. Bf3 Bxf3 17. Nxf3 Qd7 18. Rfc1 Rfc8 19. Qa3 a6 20. Rab1 e6 21. h3 Bf8 22. Qb3 Bd6 23. Ng5 Rxc1+ 24. Rxc1 Rc8 25. Rxc8+ Qxc8 26. g3 Qc1+ 27. Kg2 Qc6+ 28. e4 Be7 29. d5 Qc8 30. Nf3 b5 31. Ne5 exd5 32. Qxd5 Qe6 33. Nc6 Bf8 34. Qxe6 fxe6 35. Nd8 e5 36. Nc6 Bd6 37. Kf3 Kf7 38. Ke3 Bc5+ 39. Ke2 Ke6 40. f3 Bb6 41. Nb4 a5 42. Nd5 Bd8 43. Kd3 Kd6 44. Kc3 Kc5 45. Kd3 b4 46. Ne3 Kb5 47. f4 exf4 48. gxf4 a4 49. Nc2 Be7 50. Nd4+ Kc5 51. Ne6+ Kb5 52. Nd4+ 1/2-1/2

[Event "Palma de Mallorca op 3rd"]
[Site "Palma de Mallorca"]
[Date "2008.12.13"]
[Round "8"]
[White "Torres Mari, Juan"]
[Black "Sirletti, Sonia"]
[Result "1-0"]
[WhiteElo "1743"]
[BlackElo "1965"]
[PlyCount "72"]
[EventDate "2008.12.06"]
[EventType "swiss"]
[EventRounds "9"]
[EventCountry "ESP"]
[SourceTitle "CBM 127 Extra"]
[Source "ChessBase"]
[SourceDate "2009.01.08"]
[SourceVersion "2"]
[SourceVersionDate "2009.01.28"]
[SourceQuality "1"]

1. d4 Nf6 2. c4 d6 3. Nc3 Nbd7 4. e4 e5 5. Nf3 Be7 6. Be2 0-0 7. 0-0 c6 8. Qc2 a6 9. a4 b6 10. Rd1 Qc7 11. Bg5 Re8 12. Rac1 exd4 13. Nxd4 Ne5 14. h3 a5 15. f4 Ng6 16. Bf3 Bb7 17. Nf5 Rad8 18. Qf2 Bf8 19. Bxf6 gxf6 20. Qg3 d5 21. exd5 cxd5 22. Bxd5 Bc8 23. Nd4 Bc5 24. Kh1 Qxf4 25. Qxf4 Nxf4 26. Nc6 Rd7 27. Ne4 Nxd5 28. Nxc5 bxc5 29. cxd5 Bb7 30. Rxc5 Kg7 31. Nxa5 Ba8 32. Nc4 Rb8 33. a5 Bb7 34. d6 Rbd8 35. b4 Be4 36. Rd2 Bf5 1-0

[Event "Palma de Mallorca op 3rd"]
[Site "Palma de Mallorca"]
[Date "2008.12.11"]
[Round "6"]
[White "Henrichs, Wenke"]
[Black "Sirletti, Sonia"]
[Result "1-0"]
[WhiteElo "2064"]
[BlackElo "1965"]
[PlyCount "91"]
[EventDate "2008.12.06"]
[EventType "swiss"]
[EventRounds "9"]
[EventCountry "ESP"]
[SourceTitle "CBM 127 Extra"]
[Source "ChessBase"]
[SourceDate "2009.01.08"]
[SourceVersion "2"]
[SourceVersionDate "2009.01.28"]
[SourceQuality "1"]

1. d4 d6 2. e4 Nf6 3. Nc3 Nbd7 4. f4 e5 5. Nf3 exd4 6. Nxd4 Nc5 7. Bd3 c6 8. Qe2 Be7 9. Be3 Ng4 10. Bg1 0-0 11. 0-0-0 Qc7 12. h3 Nf6 13. g4 b5 14. g5 Nfd7 15. Nf5 Nxd3+ 16. Qxd3 Nb6 17. Nxe7+ Qxe7 18. Qxd6 Qxd6 19. Rxd6 b4 20. Nd1 Bb7 21. Rh2 Rfe8 22. e5 Nd5 23. Be3 a5 24. c3 bxc3 25. bxc3 Rad8 26. Rxd8 Rxd8 27. Rd2 Re8 28. c4 Nxe3 29. Nxe3 f6 30. gxf6 gxf6 31. Ng4 Re7 32. Nxf6+ Kf7 33. Rd6 Kg7 34. Kd2 c5 35. Ke3 Bg2 36. h4 Rb7 37. Rd7+ Kg6 38. h5+ Kf5 39. Rxb7 Bxb7 40. Nxh7 Ba6 41. Nf6 Bxc4 42. a3 Be6 43. Ne4 c4 44. Nd6+ Kg4 45. h6 Bg8 46. e6 1-0

[Event "Palma de Mallorca op 3rd"]
[Site "Palma de Mallorca"]
[Date "2008.12.07"]
[Round "2"]
[White "Dimitrijeski, Boris"]
[Black "Sirletti, Sonia"]
[Result "1-0"]
[WhiteElo "2217"]
[BlackElo "1965"]
[PlyCount "45"]
[EventDate "2008.12.06"]
[EventType "swiss"]
[EventRounds "9"]
[EventCountry "ESP"]
[SourceTitle "CBM 127 Extra"]
[Source "ChessBase"]
[SourceDate "2009.01.08"]
[SourceVersion "2"]
[SourceVersionDate "2009.01.28"]
[SourceQuality "1"]

1. d4 d6 2. e4 Nf6 3. Nc3 e5 4. Nf3 Nbd7 5. g4 h6 6. g5 hxg5 7. Nxg5 c6 8. Bc4 d5 9. exd5 exd4 10. d6 Ne5 11. Qe2 Bxd6 12. Nxf7 Qe7 13. Nxd6+ Qxd6 14. f4 Nfd7 15. fxe5 Qe7 16. Ne4 Nxe5 17. Bg5 Qb4+ 18. c3 dxc3 19. bxc3 Qa5 20. Rd1 Bg4 21. Nd6+ Kd7 22. Nb5+ Ke8 23. Qxe5+ 1-0